000 00953nam0a2200289 4500
001 RU\NLR\ONL2\15215
005 20250806203116.0
035 _a(NLR Aleph) 009662800
090 _a82234
_c82234
100 _a20091007d1943 u y0rusy50 ca
101 0 _aaze
102 _aAZ
105 _ay |||||||||
200 1 _aҸаваншир
_fМ. Вәкилов
_gССРИ ЕА Азәрб. фил. елми пропаганда шө'бәси
210 _aБакы
_cЕА нәшри
_d1943
215 _a20 с.
_d14
541 1 _6z01790
_aДжаваншир
_zrus
700 1 _aВәкилов
_bМ.
_gМеhдихан
_4070
790 1 _6z01541
_aВекилов
_bМ.
_gМехтихан
_4070
801 0 _aRU
_bNLR
_c20091023
_gPSBO
852 _aNLR
_bОНЛ
_jАзерб./1-1028
942 _cBOOK
945 _aРоссийская национальная библиотека
980 _aBV
980 _aONL_RF